| 000 | 01602nam a2200241Ia 4500 | ||
|---|---|---|---|
| 999 |
_c51670 _d51670 |
||
| 001 | 18661 | ||
| 003 | GE_BSU | ||
| 005 | 20220920122939.0 | ||
| 008 | 181216s2011||||ge |||||||||||||| ||geo|| | ||
| 040 | _cGE_BSU | ||
| 041 | _ageo | ||
| 080 | _a 33 ც-51 | ||
| 100 |
_aცეცხლაძე, ლეილა _911727 |
||
| 245 |
_aმცირე ბიზნესის ორგანიზაციისა და მართვის სტრატეგია თანამედროვე საბაზრო სისტემაში : დისერტაცია / _cლეილა ცეცხლაძე; სამეცნიერო ხელმძღვანელი რეზო მანველიძე; ბათუმის შოთა რუსთაველის სახელმწიფო უნივერსიტეტი. |
||
| 264 |
_aბათუმი, _c2011. |
||
| 300 |
_a180 გვ. ; _b30 სმ. |
||
| 653 | _aდისერტაცია | ||
| 653 | _aეკონომიკა | ||
| 653 | _aმცირე ბიზნესის ორგანიზაციისა და მართვის სტრატეგია თანამედროვე საბაზრო სისტემაში | ||
| 700 |
_aმანველიძე, რეზო _eსამეცნიერო ხელმძღვანელი _91497 |
||
| 710 |
_aბათუმის შოთა რუსთაველის სახელმწიფო უნივერსიტეტი. _911728 |
||
| 942 |
_cBK _2udc |
||